Countries that celebrate Halloween by population - Statistics

General Stats
  • This quiz has been taken 12 times
  • The average score is 24 of 40
Answer Stats
Population Continent Country % Correct
1,410,000,000 Asia China
100%
1,460,000,000 Asia India
100%
212,800,000 South America Brazil
92%
40,100,000 North America Canada
92%
53,400,000 South America Colombia
92%
66,600,000 Europe France
92%
84,000,000 Europe Germany
92%
59,100,000 Europe Italy
92%
131,900,000 North America Mexico
92%
143,900,000 Europe / Asia Russia
92%
69,500,000 Europe United Kingdom
92%
347,200,000 North America United States
92%
26,900,000 Oceania Australia
83%
123,100,000 Asia Japan
83%
47,800,000 Europe Spain
75%
38,100,000 Europe Poland
67%
51,600,000 Asia South Korea
67%
18,600,000 North America Guatemala
58%
5,200,000 Oceania New Zealand
58%
34,500,000 South America Peru
58%
116,700,000 Asia Phillippines
58%
11,500,000 North America Dominican Republic
50%
35,900,000 Asia Malaysia
50%
11,700,000 Europe Belgium
42%
6,300,000 North America El Salvador
42%
18,300,000 Europe Netherlands
42%
7,000,000 North America Nicaragua
42%
18,900,000 Europe Romania
42%
23,100,000 Asia Taiwan
42%
34,500,000 Asia Saudi Arabia
33%
10,600,000 Europe Sweden
33%
10,600,000 Europe Czechia
25%
9,900,000 Europe Greece
25%
5,300,000 Europe Ireland
25%
14,500,000 Africa Rwanda
25%
6,600,000 Europe Serbia
25%
8,900,000 Europe Switzerland
25%
11,300,000 Asia United Arab Emirates
25%
7,300,000 Asia Hong Kong
17%
5,800,000 Asia Singapore
17%
No matching quizzes found
Score Distribution
Percent of People with Each Score
Percentile by Number Answered
Your Score History
You have not taken this quiz